000 00685nam a2200229 a 4500
999 _c2013
_d2013
001 2013
003 BD-JhCC
005 20171028172433.0
008 171028s2008 bg |||| |||| 000 0 ben d
020 _a9847019300407
035 _a(BD-JhCC)2013
040 _aBD-JhCC
_dBD-JhCC
041 _aben
082 _a891.443
_bLAS 2008
100 _aলস্কর, নিজামউদ্দিন
245 _aহৃদয় বদল /
_c নিজামউদ্দিন লস্কর
260 _aঢাকা :
_bঐতিহ্য,
_c২০০৮.
300 _a১৬৭ পৃ. :
_c২১ সেমি.
650 _aBengali Novel
942 _2ddc
_cBK